La nave y artefacto naval
Saved in:
| Main Authors: | , , |
|---|---|
| Andre forfattere: | |
| Format: | Bog |
| Sprog: | spansk |
| Udgivet: |
Valparaíso
Universitarias
2017
|
| Udgivelse: | 1a. ed |
| Fag: | |
| Tags: |
Tilføj Tag
Ingen Tags, Vær først til at tagge denne postø!
|
MARC
| LEADER | 00000cam a2200000 a 4500 | ||
|---|---|---|---|
| 001 | UCC0793 | ||
| 003 | CL-VaPUC | ||
| 008 | 170908e20170000cl |||||||||||||||||spa|d | ||
| 020 | |a 9789561707191 | ||
| 082 | 0 | 4 | |a 343.096 |b BAR |2 21 |
| 100 | 0 | |a Barroilhet Acevedo, Claudio |e author |9 594781 | |
| 700 | 0 | |a Genskowsky Moggia, Max |e author |9 594782 | |
| 700 | |a Ramírez Daneri, Rodrigo Esteban |e autor |9 740111 | ||
| 700 | 0 | |a San Martín Padovani, Ricardo |e author |9 594784 | |
| 245 | 1 | 3 | |a La nave y artefacto naval |
| 250 | |a 1a. ed | ||
| 300 | |a 520 p | ||
| 942 | |c BK | ||
| 945 | |d 20170908 13:53:00 |a dcastane | ||
| 260 | |a Valparaíso |b Universitarias |c 2017 | ||
| 650 | 0 | |a Derecho marítimo |9 255301 | |
| 650 | 0 | |a Marina mercante |9 255383 | |
| 650 | 0 | |a Transporte marítimo |9 260127 | |
| 650 | 7 | |a NAVES |2 CL-VaPUC |9 380983 | |
| 583 | |a last modification |c 20180619 09:29:12 |k Rodrigo Vera | ||
| 999 | |c 369500 |d 369498 | ||
| 952 | |0 0 |1 0 |3 erb |4 0 |6 343_096000000000000_BAR_2017 |7 0 |8 A |9 485330 |a BIBDER |b BIBDER |i 5421055 |o 343.096 BAR 2017 |p 5421055 |r 2023-01-25 |w 2019-11-24 |y BK |z Catalogado en:20170908 |k DER | ||
| 952 | |0 0 |1 0 |2 ddc |3 erb |4 0 |6 343_096000000000000_BAR_2017 |7 1 |8 C_LRYV |9 485331 |a BIBDER |b BIBDER |i 5429323 |o 343.096 BAR 2017 |p 5429323 |r 2023-01-25 |w 2019-11-24 |y BK_X |z Catalogado en:20171020 |k BRV | ||